| 000 | 00773nam a2200217Ia 4500 | ||
|---|---|---|---|
| 003 | GCL | ||
| 008 | 140319s9999 xx 000 0 ara d | ||
| 040 |
_aGCL / _cGCL |
||
| 082 | 0 | 4 |
_aم _b415.2 _bت ن |
| 100 | 1 | _aنورى سودان | |
| 245 | 1 | 0 |
_aنظم الدر والعقيان: القسم الرابع فى محاسن الكلام / _cنورى سودان |
| 700 | 1 | _aهلموت , ريتر | |
| 700 | 1 | _aالتنسى , ابوعبدالله محمد بن | |
| 260 |
_a[S.N] : _bفرانز شتاينر بفيسبادن ، _c1980 |
||
| 490 |
_aالنشرات الاسلامية _v0 |
||
| 650 | 0 | 4 | _aالشعر العربى |
| 650 | 0 | 4 | _aاللغة العربية |
| 650 | 0 | 4 | _aالبلاغة |
| 650 | 0 | 4 | _aالمترادفات والاضداد |
| 942 |
_2ddc _cBK |
||
| 999 |
_c35630 _d35630 |
||